A weak but stable second half (Record no. 84083)

MARC details
000 -LEADER
fixed length control field 01025cab a22001935a 4500
001 - CONTROL NUMBER
control field L156566
008 - FIXED-LENGTH DATA ELEMENTS--GENERAL INFORMATION
fixed length control field 120611e2012 xxk 000 0 eng d
035 ## - SYSTEM CONTROL NUMBER
System control number (Sirsi) u156566
041 0# - LANGUAGE CODE
Language code of text/sound track or separate title eng
100 1# - MAIN ENTRY--PERSONAL NAME
Personal name Ljubic, Philip
245 02 - TITLE STATEMENT
Title A weak but stable second half
260 ## - PUBLICATION, DISTRIBUTION, ETC.
Date of publication, distribution, etc. 2012
490 #0 - SERIES STATEMENT
Series statement Property Week
Volume/sequential designation 78(22) 1 June 2012, 40(1)
520 ## - SUMMARY, ETC.
Summary, etc. Property derivative pricing has followed a downward trend over the last 18 months but has recently been largely stable. Although 2012 is expected to be a weak year for UK commercial property it may perform relatively well in comparison with other asset classes because: the market is not oversupplied; real estate yields are providing a large spread over government bonds; outflows from retail funds are low; a low Sterling exchange rate; and the historical performance. Graphics cover property derivative pricing and UK commercial property capital value growth.
590 ## - LOCAL NOTE (RLIN)
Local note KA
651 #4 - SUBJECT ADDED ENTRY--GEOGRAPHIC NAME
Geographic name United Kingdom
690 ## - LOCAL SUBJECT ADDED ENTRY--TOPICAL TERM (OCLC, RLIN)
Topical term or geographic name as entry element Commercial property
9 (RLIN) 6227
942 ## - ADDED ENTRY ELEMENTS (KOHA)
Suppress in OPAC 0
Holdings
Withdrawn status Lost status Source of classification or shelving scheme Damaged status Not for loan Home library Current library Shelving location Date acquired Total Checkouts Full call number Barcode Date last seen Copy number Price effective from Koha item type
    Dewey Decimal Classification     London London Journal article 11/06/2012   L156566 156566-1001 06/08/2019 1 06/08/2019 Journal article